000 00623nam a2200241Ia 4500
003 OSt
005 20220918230215.0
006 a|||||r|||| 00| 0
007 ta
008 220917b |||||||| |||| 00| 0 eng d
024 _a250,442
037 _cTextual
040 _aARTS
_cARTS
_beng
041 _2eng
_aeng
082 _aY173MY6.2, K8
100 _aRaghaviah V
_9152082
245 0 _aNomads
260 _aHyderabad
_bBharateeya Adimajati Sevak Sangh India
_c1968
300 _a413p.
_ccm.
650 _aSOCIOLOGY
942 _hY173MY6.2, K8
_cTEXL
_2CC
999 _c287363
_d287363